000 00557nam a2200193 i 4500
001 91308
003 ES-MaACL
007 t|
008 050128s1945 ag ||||1| spa d
100 1 _aLeumann, Carlos Alberto.
_971902
245 1 3 _aLa vida victoriosa /
_cCarlos Alberto Leumann.
250 _a3ª ed.
260 _a[Buenos Aires] :
_bEspasa-Calpe Argentina,
_c[1945] (
_fPeuser)
300 _a162 p. ;
_c18 cm.
490 1 _aColección austral
830 0 _aColección austral
_9177655
852 _aES-MaACL
_jC-9779
_bR.37865
999 _c91308
_d91308